| 000 | 00473cam a2200157ua 4500 | ||
|---|---|---|---|
| 003 | OSt | ||
| 008 | 240321b |||||||| |||| 00| 0 eng d | ||
| 020 | _a0-07-0463949-8 | ||
| 041 | _aeng | ||
| 082 |
_a001 _bTAR/TA |
||
| 100 |
_aTara, Chand . _91589 |
||
| 245 | 0 | 0 | _aTata McGraw-Hill`s General Studies Manual for the UPSC Civil Sevices Preliminary Examination-1996 / |
| 260 |
_aNew Delhi : _bTata Mc-Graw Hill Publishing Company , _c1996. |
||
| 300 | _a ; . | ||
| 942 | _cBK | ||
| 999 |
_c18078 _d18078 |
||